| 000 | 00443nam a2200181Ia 4500 | ||
|---|---|---|---|
| 005 | 20250603145656.0 | ||
| 008 | 250603s9999 xx 000 0 und d | ||
| 020 | _a0-19-424337-0 | ||
| 050 | _aPZ 7 .I78 R57/ | ||
| 100 | _aIrving, Washington | ||
| 245 | 0 | _aRip Van Winkle and the legend of sleepy hollow | |
| 260 | _aOxford | ||
| 260 | _bOxford University Press | ||
| 260 | _c2002 | ||
| 300 | _a44 p | ||
| 650 | _aOxford | ||
| 942 | _cBK | ||
| 999 |
_c42526 _d42526 |
||